000 00637nam a2200265Ia 4500
005 20260306164500.0
008 008 260114s9999 xx 000 0 eng d
020 _a9780190253127
037 _aEBOOK
040 _aCRL
040 _beng
040 _cCRL
041 _2eng
041 _aeng
084 _qCRL
100 _aJonardon Ganeri
_91130846
245 4 _aThe Oxford Handbook Of Indian Philosophy
260 _bOxford University Press
260 _c2017
650 _aPhilosophy
856 _uhttps://academic.oup.com/edited-volume/27982
942 _cEBOOK
999 _c1714243
_d1714243